Global marketing : (Record no. 343484)
[ view plain ]
| 000 -LEADER | |
|---|---|
| fixed length control field | 00692 a2200193 4500 |
| 020 ## - INTERNATIONAL STANDARD BOOK NUMBER | |
| International Standard Book Number | 007116961X |
| 020 ## - INTERNATIONAL STANDARD BOOK NUMBER | |
| International Standard Book Number | 9780071169615 |
| 090 ## - LOCALLY ASSIGNED LC-TYPE CALL NUMBER (OCLC); LOCAL CALL NUMBER (RLIN) | |
| -- | 941 |
| -- | 941 |
| 100 1# - MAIN ENTRY--PERSONAL NAME | |
| Personal name | Johansson, Johny. |
| 245 10 - TITLE STATEMENT | |
| Title | Global marketing : |
| Remainder of title | foreign entry, local marketing and global management / |
| Statement of responsibility, etc. | Johny Johansson. |
| 250 ## - EDITION STATEMENT | |
| Edition statement | Internat.2r.e. ed. |
| 260 ## - PUBLICATION, DISTRIBUTION, ETC. | |
| Place of publication, distribution, etc. | [S.l.] : |
| Name of publisher, distributor, etc. | McGraw-Hill Education (ISE Editions), |
| Date of publication, distribution, etc. | 1999. |
| 300 ## - PHYSICAL DESCRIPTION | |
| Extent | 672 p. |
| 500 ## - GENERAL NOTE | |
| General note | Import. |
| 500 ## - GENERAL NOTE | |
| General note | Paperback. |
| 856 40 - ELECTRONIC LOCATION AND ACCESS | |
| Materials specified | Amazon.com |
| Uniform Resource Identifier | <a href="http://www.amazon.com/exec/obidos/ASIN/007116961X/chopaconline-20">http://www.amazon.com/exec/obidos/ASIN/007116961X/chopaconline-20</a> |
| 856 40 - ELECTRONIC LOCATION AND ACCESS | |
| Materials specified | Amazon customer reviews |
| Uniform Resource Identifier | <a href="http://www.chopac.org/cgi-bin/tools/azrev.pl?q=007116961X">http://www.chopac.org/cgi-bin/tools/azrev.pl?q=007116961X</a> |
| 942 ## - ADDED ENTRY ELEMENTS (KOHA) | |
| Institution code [OBSOLETE] | NBS |
| Koha item type | Book |
| Call number prefix | 658.848 JOH |
| Withdrawn status | Lost status | Damaged status | Not for loan | Permanent Location | Current Location | Date acquired | Total Checkouts | Full call number | Barcode | Date last seen | Price effective from | Koha item type |
|---|---|---|---|---|---|---|---|---|---|---|---|---|
| Central Library (CL) | Central Library (CL) | 08/28/2013 | 658.848 JOH | NBS3092 | 08/28/2013 | 08/28/2013 | Book |
